Normal view MARC view

Entry Personal Name

Number of records used in: 2

001 - CONTROL NUMBER

  • control field: 44544

003 - CONTROL NUMBER IDENTIFIER

  • control field: dpl

005 - DATE AND TIME OF LATEST TRANSACTION

  • control field: 20120329155056.0

008 - FIXED-LENGTH DATA ELEMENTS

  • fixed length control field: 120329|||a|||||| | ||| d

040 ## - CATALOGING SOURCE

  • Original cataloging agency: dpl
  • Transcribing agency: dpl

100 ## - HEADING--PERSONAL NAME

  • Personal name: Shukla, Vidyavachaspati Amarnath

670 ## - SOURCE DATA FOUND

  • Source citation: Work cat.: (dpl): Shukla, Vidyavachaspati Amarnath, Encyclopaedia of indian mythology /, 2002

670 ## - SOURCE DATA FOUND

  • Source citation: Work cat.: (dpl): Shukla, Vidyavachaspati Amarnath, Encyclopaedia of indian mythology /, 2002

© Delhi Public Library
Hit Counter
free hit counter